000 00954nam a2200253Ia 4500
003 OSt
005 20221005111651.0
006 a|||||r|||| 00| 0
007 ta
008 221004b |||||||| |||| 00| 0 hin d
024 _a25126
037 _cTextual
040 _aCRL
_cCRL
_bhin
041 _2hin
_ahin
082 _aY:1.2'B7, 1593M5
100 _aजैतली, किशिनचन्द टोपणलाल
_9162028
245 0 _aमोहन जोदड़ो हड़प्पा संस्कृति
246 _aMohan jodaड़o haड़ppā sanskṛuti
260 _aपुणे
_bसिन्धी साहित्य परिषद् भारत
_c1985
300 _a76पृ0
_ccm.
650 _aभारतीय-लोक साहित्य
942 _hY:1.2'B7, 1593M5
_cTEXL
_2cc
999 _c1022512
_d1022512